000
00329nam a22001457a 4500
003
CEME
005
20210628202241.0
008
210301b xxu||||| |||| 00| 0 eng d
040
_c
.
082
_a
0333 WAS
100
_a
Balqis
_9
59004
245
_a
Nai khus zaiqia
260
_b
SANG E MEEL PUBLISHER
_c
1999
942
_c
BK
_2
ddc
999
_c
569061
_d
569061